| 000 | 00845cab a2200241 4500 | ||
|---|---|---|---|
| 001 | ABS37324 | ||
| 008 | 090401t1987 xxu||||| |||| 00| 0 eng d | ||
| 035 | _a(Sirsi) u3719 | ||
| 041 | _aeng | ||
| 100 | _aDenyer-Green, Barry P. D. | ||
| 245 | _aRight of way stops developer | ||
| 260 | _c1987 | ||
| 350 | _a0 | ||
| 490 |
_aLand & Minerals Surveying _v5 (1) January 1987, 45-47 (3) |
||
| 520 | _aDiscusses the case Haslemere Estates plc v Rambledale Ltd which concerned the question of whether a right of way extended only over the tarmacadamed width of a road or across the broader extent included on the conveyance plan. | ||
| 650 | _aBROWN V | ||
| 650 | _aCLARK | ||
| 650 | _aMOORE | ||
| 650 | _aST EDMUNDSBURY AND IPSWICH DIOCESAN BOARD OF FINANCE V | ||
| 690 | _aPLANNING LAW AND PRACTICE | ||
| 942 | _n0 | ||
| 948 | _c04/03/1997 | ||
| 999 |
_c2273 _d2273 |
||